[Event "Druzynowe Mistrzostwa Polski - II liga"]
[Site "Dom Wczasowy VIS Jastrzebia Gora"]
[Date "1899-12-30"]
[Round "9.101"]
[White "Stanisz, Patryk"]
[Black "Zaskalski, Arkadiusz"]
[Result "1-0"]
[WhiteTitle "CM"]
[BlackTitle "k"]
[WhiteElo "2199"]
[BlackElo "2154"]

1. Nf3 c5 2. c4 Nf6 3. g3 Nc6 4. d4 cxd4 5. Nxd4 g6 6. Bg2 Bg7 7. Nc3 Nxd4 8. Qxd4
d6 9. O-O O-O 10. Qd3 Bf5 11. e4 Be6 12. b3 Qd7 13. Bb2 Bh3 14. Rad1 Bxg2 15.
Kxg2 Rac8 16. f3 Rfd8 17. Rf2 a6 18. Qe3 Qc7 19. Rfd2 Re8 20. Rc1 Qc5 21. Qxc5
Rxc5 22. Ba3 Rc6 23. Re2 Nd7 24. Nd5 Nf6 25. Nb4 Rc7 26. Nd3 Nd7 27. f4 Bf8 28.
Kf3 Rec8 29. e5 dxe5 30. Nxe5 Nxe5+ 31. Rxe5 b5 32. c5 a5 33. b4 axb4 34. Bxb4
e6 35. a3 Rc6 36. Re3 Rd8 37. Ke2 Be7 38. Rd3 Rxd3 39. Kxd3 Kf8 40. Kc2 Ke8 41.
Kb3 Kd7 42. a4 bxa4+ 43. Kxa4 Kc8 44. Kb5 Rc7 45. Ba5 Rd7 46. Ra1 Bf6 47. Ra2
Rd1 48. Bb6 Ra1 49. Rd2 Rb1+ 50. Kc6 Rb2 51. Rd3 Ra2 52. Rd7 1-0

[Event "Druzynowe Mistrzostwa Polski - II liga"]
[Site "Dom Wczasowy VIS Jastrzebia Gora"]
[Date "1899-12-30"]
[Round "9.102"]
[White "Mika, Tomasz"]
[Black "Szmyd, Arkadiusz"]
[Result "1-0"]
[WhiteTitle "CM"]
[BlackTitle "k"]
[WhiteElo "2157"]
[BlackElo "2073"]

1. d4 d5 2. Nf3 Nf6 3. Bf4 e6 4. e3 Bd6 5. c3 O-O 6. Nbd2 c5 7. Bd3 Qc7 8. Bxd6
Qxd6 9. dxc5 Qxc5 10. O-O Bd7 11. Qe2 Bc6 12. Rac1 Nbd7 13. b4 Qd6 14. b5 e5 15.
bxc6 bxc6 16. Bb1 e4 17. Nd4 Rae8 18. c4 Re5 19. cxd5 Rh5 20. f4 exf3 21. N2xf3
cxd5 22. Nf5 Qb8 23. Ng3 Rh6 24. Nd4 Re8 25. Qf3 Rh4 26. Ndf5 Ne5 27. Qe2 Rb4
28. Nh5 Nfg4 29. Nhxg7 Nd3 30. Nh6+ Kh8 31. Nxg4 Nxc1 32. Qc2 Rxb1 33. Nxe8 1-0

[Event "Druzynowe Mistrzostwa Polski - II liga"]
[Site "Dom Wczasowy VIS Jastrzebia Gora"]
[Date "1899-12-30"]
[Round "9.103"]
[White "Kaminski, Piotr"]
[Black "Markiewicz, Jerzy"]
[Result "0-1"]
[WhiteTitle "k"]
[BlackTitle "FM"]
[WhiteElo "2037"]
[BlackElo "2205"]

1. d4 Nf6 2. c4 d6 3. Nc3 Nbd7 4. e4 e5 5. Nf3 g6 6. Be2 Bg7 7. O-O O-O 8. h3 exd4
9. Nxd4 Re8 10. Bf3 Ne5 11. Be2 Ned7 12. Bf3 Nc5 13. Re1 Nfd7 14. Bf4 Be5 15.
Be3 Nf8 16. Qd2 Nfe6 17. Nde2 Qh4 18. Bg4 h5 19. g3 Qd8 20. Bf3 h4 21. Bg2 hxg3
22. f4 Bg7 23. Rf1 Nf8 24. Nxg3 Nh7 25. Kh2 Qh4 26. Bf2 Nf6 27. Nh1 Ng4+ 28. Kg1
Nxf2 29. Qxf2 Qxf2+ 30. Nxf2 Bxc3 31. bxc3 Be6 32. Rfe1 Bxc4 33. e5 dxe5 34. Ng4
Kg7 35. fxe5 Be6 36. Nf6 Red8 37. Re3 Rd2 38. a3 Rad8 39. h4 Rh8 40. Rb1 Rxh4
41. Bxb7 Bf5 42. Rb5 Rd1+ 43. Kg2 Rd2+ 44. Kg1 Rd1+ 45. Kg2 Nd3 46. Bf3 Ne1+ 47.
Kf2 Rh2+ 48. Kg3 Rh3+ 49. Kf2 Nxf3 50. Rxf3 Rd2+ 51. Ke1 Rxf3 52. Kxd2 Rd3+ 53.
Ke2 Rxc3 54. Ra5 Kh6 55. Rxa7 Kg5 56. Nd5 Rc5 57. Nxc7 Rxe5+ 58. Kf2 Bg4 59. a4
f5 60. Ra6 f4 61. Nb5 Re2+ 62. Kf1 f3 63. Nd4 Bh3+ 64. Kg1 f2+ 65. Nf5 0-1

[Event "Druzynowe Mistrzostwa Polski - II liga"]
[Site "Dom Wczasowy VIS Jastrzebia Gora"]
[Date "1899-12-30"]
[Round "9.104"]
[White "Augustyn, Sebastian"]
[Black "Zawierucha, Aleksander"]
[Result "1/2-1/2"]
[WhiteTitle "k"]
[BlackTitle "k"]
[WhiteElo "2093"]
[BlackElo "1946"]

1. e4 e6 2. d4 d5 3. Nc3 dxe4 4. Nxe4 Bd7 5. Nf3 Bc6 6. Bd3 Nd7 7. Qe2 Ngf6 8.
O-O Nxe4 9. Bxe4 Bxe4 10. Qxe4 c6 11. Bg5 Be7 12. Bxe7 Qxe7 13. Rfe1 O-O 14. c3
Rad8 15. Rad1 h6 16. h3 Rfe8 17. Qf4 Nf6 18. Ne5 Rd5 19. Nc4 Rg5 20. Qd6 Nd5 21.
Qxe7 Rxe7 22. Kh2 Rd7 23. g3 Rf5 24. Kg2 h5 25. Re5 Rxe5 26. Nxe5 Rd8 27. Kf3
f6 28. Nd3 Kf7 29. h4 Re8 30. Re1 g6 31. Nc5 Re7 32. Ne4 b6 33. a3 Rd7 34. Re2
a5 35. a4 Ke7 36. Nd2 Kf7 37. Nc4 Rd8 38. Re1 Ke7 39. Rd1 Ra8 40. Ra1 Ra7 41.
Ke4 Ra8 42. Kd3 Rd8 43. Ke4 Rd7 44. Re1 Ra7 45. Ra1 Ra6 46. Kd3 Kd7 47. Ke4 Ne7
48. Kd3 Nc8 49. b3 Ne7 50. Ra2 Nd5 51. Ra1 Ra8 52. Ra2 Ra7 53. Ra1 Ra8 54. Nd2
Rd8 55. Ne4 Ke7 56. Kc2 Rd7 57. Re1 Kf7 58. Rd1 Ke7 59. Rd3 Rd8 60. Rf3 Rf8 61.
Kd3 Rf7 62. Nd2 Rf8 63. Nc4 Ra8 64. Ne3 Rd8 65. Nxd5+ exd5 66. Re3+ Kd7 67. c4
Re8 68. cxd5 cxd5 69. Rxe8 Kxe8 70. Ke3 Ke7 71. Kf4 Ke6 72. f3 Kf7 73. g4 Ke6
74. Kg3 Kd6 75. f4 f5 76. gxh5 gxh5 77. Kf3 1/2-1/2

[Event "Druzynowe Mistrzostwa Polski - II liga"]
[Site "Dom Wczasowy VIS Jastrzebia Gora"]
[Date "1899-12-30"]
[Round "9.105"]
[White "Boruta, Dawid"]
[Black "Markiewicz, Mateusz"]
[Result "1/2-1/2"]
[WhiteTitle "I"]
[BlackTitle "I++"]
[WhiteElo "1912"]
[BlackElo "2048"]

1. f4 d5 2. Nf3 f5 3. b3 Nf6 4. Bb2 e6 5. e3 Bd6 6. d3 O-O 7. Nbd2 b6 8. Ne5 Bb7
9. Ndf3 Nbd7 10. Be2 c5 11. O-O Rc8 12. c4 Bb8 13. Qe1 Qe7 14. Qh4 Rfe8 15. Ng5
Nf8 16. Qg3 dxc4 17. bxc4 N6d7 18. Ngf7 Nxe5 19. Nxe5 Rcd8 20. Rad1 Nd7 21. Bf3
Nxe5 22. fxe5 Rf8 23. Bc3 Ba6 24. e4 f4 25. Qh3 g5 26. Bg4 Bc8 27. g3 fxg3 28.
Qxg3 Qg7 29. Rf6 Rxf6 30. exf6 Bxg3 31. fxg7 Bf4 32. Bf6 Rd6 33. e5 Rd4 34. h3
Be3+ 35. Kf1 Rf4+ 36. Ke2 Bd4 37. Rf1 Kf7 38. Rf3 Bd7 39. Bh5+ Kg8 40. Bg4 Kf7
41. Kf1 Kg8 42. Kg2 Rxg4+ 43. hxg4 Bc6 44. Kg3 Bxf3 45. Kxf3 Kf7 46. Ke2 Bc3 47.
Kd1 Bd4 48. Kc2 Be3 49. Kd1 Kg8 50. Ke2 Bd4 51. Kf3 Kf7 52. Ke4 h6 53. a4 Bc3
1/2-1/2

[Event "Druzynowe Mistrzostwa Polski - II liga"]
[Site "Dom Wczasowy VIS Jastrzebia Gora"]
[Date "1899-12-30"]
[Round "9.107"]
[White "Kozlowski, Waldemar"]
[Black "Maj, Pawel"]
[Result "1/2-1/2"]
[WhiteTitle "FM"]
[BlackTitle "k"]
[WhiteElo "2182"]
[BlackElo "2188"]

1. Nf3 g6 2. c4 Bg7 3. Nc3 c5 4. d4 cxd4 5. Nxd4 Nc6 6. e3 Nf6 7. Be2 O-O 8. O-O
b6 9. Bf3 Bb7 10. Nxc6 Bxc6 11. Bxc6 dxc6 12. Qe2 Qc7 13. Bd2 Rfd8 14. Rfd1 Rd7
15. Be1 Rad8 16. Rxd7 Rxd7 17. Rd1 Qd8 18. Rxd7 Qxd7 19. Qd1 Qxd1 20. Nxd1 Ne4
21. Kf1 Kf8 22. Ke2 Ke8 1/2-1/2

[Event "Druzynowe Mistrzostwa Polski - II liga"]
[Site "Dom Wczasowy VIS Jastrzebia Gora"]
[Date "1899-12-30"]
[Round "9.108"]
[White "Liberadzki, Slawomir"]
[Black "Krzywicki, Dariusz"]
[Result "1/2-1/2"]
[WhiteTitle "k"]
[BlackTitle "m"]
[WhiteElo "2015"]
[BlackElo "2110"]

1. c4 Nf6 2. g3 e6 3. Bg2 d5 4. cxd5 exd5 5. d4 Be7 6. Nc3 O-O 7. Nf3 c6 8. Qb3
Qb6 9. Qxb6 axb6 10. Bf4 Bf5 11. O-O b5 12. Bxb8 Rfxb8 13. a3 Ne8 14. Nd2 Nd6
15. Rfd1 Ra7 16. Rac1 Re8 17. e3 h6 18. Bf3 Bd8 19. Be2 Bb6 20. Kg2 Bd8 21. h3
Bf6 22. Bf3 Raa8 23. Re1 Re7 24. Red1 Ree8 25. Re1 Kf8 26. Rcd1 Bc2 27. Rc1 Bf5
28. Rcd1 Bc2 29. Rc1 Bf5 30. Rcd1 1/2-1/2

[Event "Druzynowe Mistrzostwa Polski - II liga"]
[Site "Dom Wczasowy VIS Jastrzebia Gora"]
[Date "1899-12-30"]
[Round "9.109"]
[White "Krzewski, Dariusz"]
[Black "Grzelak, Artur"]
[Result "1/2-1/2"]
[WhiteTitle "k"]
[BlackTitle "m"]
[WhiteElo "2057"]
[BlackElo "2103"]

1. e4 g6 2. d4 Bg7 3. Nf3 d6 4. Be2 Nf6 5. Nc3 O-O 6. O-O c6 7. a4 Qc7 8. h3 e5
9. Re1 Re8 10. Bc4 h6 11. dxe5 dxe5 12. Be3 Nbd7 13. Qc1 h5 14. Ng5 Rf8 15. Qb1
Nh7 16. h4 Bf6 17. Qa2 Nxg5 18. hxg5 Be7 19. Rad1 Nc5 20. Qb1 Bg4 21. f3 Be6 22.
Bf1 Rfd8 23. Qc1 Qa5 24. Bd2 Qc7 25. Be3 Qa5 26. Bd2 Qc7 27. Be3 Rxd1 28. Rxd1
Rd8 29. b3 Rd7 30. Nb1 Qd8 31. Rxd7 Nxd7 32. Qd2 Nc5 33. Qc1 Bd7 34. Na3 Ne6 35.
Nc4 Nc5 36. Na3 1/2-1/2

[Event "Druzynowe Mistrzostwa Polski - II liga"]
[Site "Dom Wczasowy VIS Jastrzebia Gora"]
[Date "1899-12-30"]
[Round "9.110"]
[White "Kuma, Boguslaw"]
[Black "Kitewski, Bartosz"]
[Result "0-1"]
[WhiteTitle "k"]
[BlackTitle "I++"]
[WhiteElo "2132"]
[BlackElo "1993"]

1. e4 c5 2. Nf3 d6 3. d4 cxd4 4. Nxd4 Nf6 5. Nc3 a6 6. a4 e6 7. Be2 Be7 8. Be3
O-O 9. O-O b6 10. f4 Bb7 11. Bf3 Qc7 12. Qe1 Nbd7 13. Nb3 Rac8 14. Kh1 Rfe8 15.
Rd1 Bc6 16. Nd4 e5 17. Nxc6 Qxc6 18. Qe2 b5 19. axb5 axb5 20. Nxb5 Qxc2 21. Rd2
Qa4 22. Nc3 Qb4 23. Rfd1 Nc5 24. Bxc5 Rxc5 25. fxe5 dxe5 26. Ra1 Rcc8 27. g3 Bc5
28. Nd5 Nxd5 29. Rxd5 Rb8 30. b3 Bd4 31. Rb1 Rec8 32. Qf1 Rc2 33. Qd1 Qc3 34.
Bg2 g6 35. b4 Rxb4 36. Rxb4 Qxb4 37. Qf3 Qb1+ 0-1

[Event "Druzynowe Mistrzostwa Polski - II liga"]
[Site "Dom Wczasowy VIS Jastrzebia Gora"]
[Date "1899-12-30"]
[Round "9.112"]
[White "Baranska, Monika"]
[Black "Krysztopa-czuprynska, Barbara"]
[Result "1-0"]
[WhiteTitle "I++"]
[BlackTitle "I"]
[WhiteElo "1763"]
[BlackElo "1636"]

1. d4 Nf6 2. c4 e5 3. dxe5 Ng4 4. Bf4 Bb4+ 5. Nc3 Bxc3+ 6. bxc3 Nc6 7. Nf3 Qe7
8. Qd5 f6 9. exf6 Nxf6 10. Qd3 d6 11. e3 O-O 12. Be2 Bg4 13. O-O Rad8 14. Nd4
Ne5 15. Qc2 Bxe2 16. Qxe2 Ne4 17. f3 Nc5 18. Bxe5 Qxe5 19. Rab1 a6 20. Rb4 Rde8
21. e4 Rf6 22. Qd2 Ref8 23. Nf5 Nxe4 24. fxe4 Qxe4 25. Ng3 Rxf1+ 26. Nxf1 Kh8
27. Ng3 b6 28. Nxe4 1-0

[Event "Druzynowe Mistrzostwa Polski - II liga"]
[Site "Dom Wczasowy VIS Jastrzebia Gora"]
[Date "1899-12-30"]
[Round "9.113"]
[White "Balinski, Damian"]
[Black "Palosz, Andrzej"]
[Result "1-0"]
[WhiteTitle "k"]
[BlackTitle "k"]
[WhiteElo "2188"]
[BlackElo "2023"]

1. d4 Nf6 2. c4 g6 3. Nc3 d5 4. e3 Bg7 5. Qb3 dxc4 6. Bxc4 O-O 7. Nf3 c5 8. dxc5
Qc7 9. e4 Qxc5 10. Be3 Qa5 11. O-O Nc6 12. h3 Qh5 13. Be2 Qa5 14. Rfd1 Rb8 15.
Bc4 Qh5 16. Ng5 Na5 17. Bxf7+ Kh8 18. Qa3 h6 19. Qxa5 hxg5 20. Bc4 b5 21. Be2
g4 22. Rd8 Bd7 23. Rxb8 Rxb8 24. Qxa7 Re8 25. Rd1 b4 26. Nd5 Be6 27. Nf4 1-0

[Event "Druzynowe Mistrzostwa Polski - II liga"]
[Site "Dom Wczasowy VIS Jastrzebia Gora"]
[Date "1899-12-30"]
[Round "9.114"]
[White "Mlynarski, Kamil"]
[Black "Zerebiec, Maurycy"]
[Result "1/2-1/2"]
[WhiteTitle "I++"]
[BlackTitle "I++"]
[WhiteElo "1876"]
[BlackElo "1885"]

1. e4 e6 2. d4 d5 3. Nd2 c5 4. exd5 exd5 5. Ngf3 Nf6 6. Bb5+ Bd7 7. Qe2+ Be7 8.
dxc5 O-O 9. Nb3 Re8 10. O-O Bxc5 11. Qd3 Bb6 12. Bg5 Nc6 13. c3 Ne5 14. Nxe5 Bxb5
15. Qxb5 Rxe5 16. Bf4 Re4 17. Bg5 h6 18. Bxf6 Qxf6 19. a4 a6 20. Qxd5 Rae8 21.
Nd4 Bxd4 22. cxd4 Qb6 23. b3 Rxd4 24. Qf3 Re6 25. Rae1 Rb4 26. Rxe6 Qxe6 27. Rb1
a5 28. h3 g6 29. Qd3 Kg7 30. Qc3+ Kh7 31. Qd3 h5 32. Kf1 h4 33. Kg1 Re4 34. Rd1
Rb4 35. Rb1 b6 36. Kf1 Kg8 37. Qd8+ Kg7 38. Qd3 Qe5 39. Re1 Qc5 40. Re3 Rd4 41.
Qc3 Qxc3 42. Rxc3 Rd1+ 43. Ke2 Rb1 44. g3 hxg3 45. fxg3 Rh1 46. h4 Rg1 47. Rf3
f5 48. Kd3 Rc1 49. h5 Rc5 50. hxg6 Kxg6 51. Kd4 Kg5 52. Re3 Rc6 53. Re8 1/2-1/2

[Event "Druzynowe Mistrzostwa Polski - II liga"]
[Site "Dom Wczasowy VIS Jastrzebia Gora"]
[Date "1899-12-30"]
[Round "9.115"]
[White "Grzesik, Norbert"]
[Black "Pomagalski, Marcin"]
[Result "1/2-1/2"]
[WhiteTitle "I++"]
[BlackTitle "I++"]
[WhiteElo "1983"]
[BlackElo "1884"]

1. e4 c6 2. d4 d5 3. exd5 cxd5 4. Bd3 Nc6 5. c3 Nf6 6. Bf4 Bg4 7. Qb3 Qc8 8. Nd2
e6 9. Ngf3 Be7 10. O-O O-O 11. Ne5 Bh5 12. Ndf3 Bd6 13. Bg3 Qc7 14. Rae1 Rac8
15. Re3 a6 16. Rfe1 Rfe8 17. a3 Bg6 18. Nxg6 Bxg3 19. hxg3 hxg6 20. Ne5 Nxe5 21.
Rxe5 Nd7 22. R5e3 Nb6 23. g4 Nc4 24. Rh3 b5 25. g3 e5 26. Kg2 e4 27. Reh1 f6 28.
Be2 Qd7 29. Qc2 Kf7 30. Rh7 Qc7 31. Qc1 Rg8 32. Qc2 Qb8 33. Qb1 Rh8 34. Rxh8 Rxh8
35. Rxh8 Qxh8 36. b3 Nd6 37. c4 dxc4 38. bxc4 bxc4 39. Qb4 Qd8 40. Bxc4+ Nxc4
41. Qxc4+ Kf8 42. a4 Qb6 43. Qd5 Qb4 44. Qa8+ Kf7 45. Qxa6 Qxd4 46. Qb7+ Kg8 47.
Qb3+ Kh7 48. a5 e3 49. Qxe3 1/2-1/2

[Event "Druzynowe Mistrzostwa Polski - II liga"]
[Site "Dom Wczasowy VIS Jastrzebia Gora"]
[Date "1899-12-30"]
[Round "9.116"]
[White "Pazdzierz, Piotr"]
[Black "Rymaszewski, Dariusz"]
[Result "1/2-1/2"]
[WhiteTitle "I"]
[BlackTitle "k"]
[WhiteElo "1599"]
[BlackElo "2050"]

1. c4 g6 2. Nc3 Bg7 3. g3 e5 4. Bg2 Nc6 5. e3 d6 6. Nge2 f5 7. d4 Nf6 8. O-O O-O
9. Rb1 Re8 10. b4 Qe7 11. b5 Nd8 12. Ba3 Nf7 13. c5 exd4 14. exd4 dxc5 15. dxc5
Be6 16. Bxb7 Rad8 17. Qa4 Ne4 18. Nxe4 fxe4 19. c6 Qg5 20. Bc1 Qg4 21. Nf4 Ne5
22. h3 Qf5 23. b6 axb6 24. Rxb6 g5 25. g4 Qf7 26. Nxe6 Rxe6 27. Rb3 Nf3+ 28. Kg2
Nh4+ 29. Kg1 Rf8 30. Ba6 Nf3+ 31. Kg2 Nh4+ 32. Kh1 e3 33. Rxe3 Rxe3 34. Bc4 Re6
35. Qb3 Rfe8 36. Bxg5 Qf3+ 37. Qxf3 Nxf3 38. Bf4 Kf8 39. Bxe6 Rxe6 40. Bxc7 Rxc6
41. Bf4 Rc2 42. Kg2 Nh4+ 43. Kg3 Ng6 44. Bd6+ Kf7 45. a3 Ke6 46. Bb4 Re2 47. f4
Kf7 48. Kf3 Rh2 49. Kg3 Rb2 50. Rf3 Rb1 1/2-1/2

[Event "Druzynowe Mistrzostwa Polski - II liga"]
[Site "Dom Wczasowy VIS Jastrzebia Gora"]
[Date "1899-12-30"]
[Round "9.117"]
[White "Paprocki, Artur"]
[Black "Skawinski, Szymon"]
[Result "1-0"]
[WhiteTitle "I"]
[BlackTitle "I"]
[WhiteElo "1800"]
[BlackElo "1641"]

1. c4 e6 2. Nc3 d5 3. d4 c6 4. cxd5 exd5 5. Nf3 Bd6 6. Bg5 Nf6 7. Qc2 O-O 8. e3
Nbd7 9. Bd3 Re8 10. Bxh7+ Kh8 11. Bd3 Be7 12. Bxf6 Bxf6 13. O-O Nf8 14. h3 Ne6
15. b4 Ng5 16. Nxg5 Bxg5 17. Qd1 g6 18. Qf3 Kg7 19. b5 Qd6 20. bxc6 bxc6 21. Na4
Rh8 22. Nc5 Rh4 23. Rfe1 Bf6 24. Rac1 Rh5 25. Rc2 Rg5 26. g4 Be6 27. Qg3 Qxg3+
28. fxg3 Rh8 29. Kg2 Be7 30. Be2 Bc8 31. h4 Rxg4 32. Bxg4 Bxg4 33. Rb2 Bxc5 34.
dxc5 Re8 35. Kf2 Re4 36. Rc1 Ra4 37. Rc3 Be6 38. a3 d4 39. exd4 Rxd4 40. Rb4 Rd2+
41. Ke1 Rg2 42. Ra4 1-0

[Event "Druzynowe Mistrzostwa Polski - II liga"]
[Site "Dom Wczasowy VIS Jastrzebia Gora"]
[Date "1899-12-30"]
[Round "9.118"]
[White "Anyz, Monika"]
[Black "Korosciel, Aneta"]
[Result "1/2-1/2"]
[WhiteTitle "I++"]
[BlackTitle "m"]
[WhiteElo "1735"]
[BlackElo "1956"]

1. e4 e5 2. d4 exd4 3. Nf3 Nf6 4. e5 Ne4 5. Qxd4 d5 6. exd6 Nxd6 7. Nc3 Nc6 8.
Qf4 Bf5 9. Bb5 Bd7 10. Bd3 Be7 11. Bd2 O-O 12. O-O-O Rb8 13. h4 b5 14. Nd5 f6
15. Rde1 Re8 16. h5 Nf7 17. Qxc7 Nce5 18. Nxe5 Nxe5 19. Qxd8 Nxd3+ 20. cxd3 Bxd8
21. h6 1/2-1/2

[Event "Druzynowe Mistrzostwa Polski - II liga"]
[Site "Dom Wczasowy VIS Jastrzebia Gora"]
[Date "1899-12-30"]
[Round "9.120"]
[White "Miszczak, Dariusz"]
[Black "Korbal, Arkadiusz"]
[Result "1/2-1/2"]
[WhiteTitle "I+"]
[BlackTitle "k++"]
[WhiteElo "1998"]
[BlackElo "2034"]

1. e4 c5 2. f4 e6 3. Nf3 Nc6 4. Nc3 a6 5. d3 d5 6. a4 Nf6 7. e5 Nd7 8. g3 Be7 9.
Bg2 O-O 10. O-O f6 11. exf6 Bxf6 12. Re1 Re8 13. g4 Nd4 14. g5 Nxf3+ 15. Qxf3
Bd4+ 16. Kh1 g6 17. Ne2 Bg7 18. Ng3 Nf8 19. c3 Bd7 20. Qf2 Qb6 21. a5 Qd6 22.
d4 cxd4 23. cxd4 Rac8 24. Bf1 Rc6 25. Bd3 Qb4 26. Be3 Rec8 27. Re2 R6c7 28. h4
Bb5 29. Bxb5 Qxb5 30. h5 gxh5 31. Nxh5 Qe8 32. Qh2 Qg6 33. Ng3 Qd3 34. Qf2 Rc2
35. Rae1 Ng6 36. f5 exf5 37. Qxf5 Qxf5 38. Nxf5 Rxe2 39. Rxe2 Re8 40. Rc2 Rf8
41. Nxg7 Kxg7 42. Rc7+ Rf7 43. Rc8 Rd7 44. Kg2 Ne7 45. Rc5 Nc6 46. Kf3 Kf7 47.
Kg4 Ke6 48. Kf3 Rf7+ 49. Ke2 Rf5 50. Kd3 Rf3 51. Ke2 Rh3 52. b3 Rh1 53. Kd2 Ra1
54. Rc2 Rxa5 55. Kc3 Kf7 56. Rf2+ Kg7 57. Rf6 Rb5 58. Bf4 Na5 59. b4 Nc6 60. Bd6
a5 61. bxa5 Nxa5 62. Bf8+ Kg8 63. Bb4 Nc6 64. Bc5 Rb1 65. Rd6 Kf7 66. Rxd5 Kg6
67. Rd7 Na5 68. d5 b5 69. Ra7 Nc4 70. Be7 Rd1 71. d6 Kf5 72. d7 Rc1+ 73. Kb4 Ne5
74. Kxb5 Rb1+ 75. Kc5 Rc1+ 76. Kb6 Rb1+ 77. Kc7 Rc1+ 78. Kd8 Nc6+ 79. Ke8 Nxa7
80. d8=Q Rc8 81. Kf7 Rxd8 82. Bxd8 Nc6 83. Bf6 Ne5+ 84. Kg7 Nf3 85. Kxh7 Nxg5+
1/2-1/2

[Event "Druzynowe Mistrzostwa Polski - II liga"]
[Site "Dom Wczasowy VIS Jastrzebia Gora"]
[Date "1899-12-30"]
[Round "9.121"]
[White "Jaworski, Maciej"]
[Black "Spyra, Piotr"]
[Result "1-0"]
[WhiteTitle "k+"]
[BlackTitle "I"]
[WhiteElo "2086"]
[BlackElo "1901"]

1. d4 Nf6 2. c4 g6 3. Nc3 d5 4. cxd5 Nxd5 5. e4 Nxc3 6. bxc3 Bg7 7. Bc4 O-O 8.
Ne2 c5 9. O-O Nc6 10. Be3 Qc7 11. Rc1 Rd8 12. Qd2 a6 13. h3 b5 14. Bd3 e6 15.
Rfd1 Qa5 16. Bb1 Bb7 17. Bh6 Bh8 18. Qe3 Qa4 19. d5 exd5 20. exd5 Ne5 21. d6 Rac8
22. Bg5 Rd7 23. Be7 Nc4 24. Qg5 Be5 25. Bf5 f6 26. Qg4 Rxd6 27. Bxd6 Rd8 28. Bc2
f5 29. Bxa4 1-0

[Event "Druzynowe Mistrzostwa Polski - II liga"]
[Site "Dom Wczasowy VIS Jastrzebia Gora"]
[Date "1899-12-30"]
[Round "9.122"]
[White "Malik, Maciej"]
[Black "Matul, Sebastian"]
[Result "1-0"]
[WhiteTitle "I++"]
[BlackTitle "I"]
[WhiteElo "1961"]
[BlackElo "1773"]

1. e4 Nf6 2. e5 Nd5 3. c4 Nb6 4. d4 d6 5. Nf3 g6 6. Be2 Bg7 7. exd6 cxd6 8. Nc3
O-O 9. O-O Bg4 10. Be3 Nc6 11. b3 e6 12. Rc1 a6 13. d5 exd5 14. Nxd5 Nxd5 15.
Qxd5 Be6 16. Qd2 d5 17. cxd5 Qxd5 18. Qxd5 Bxd5 19. Rfd1 Be6 20. Ng5 Bf5 21. g4
Bc8 22. Ne4 Ne5 23. Bc5 Re8 24. Nd6 Rd8 25. Bb6 Rf8 26. Nxc8 Raxc8 27. Rxc8 Rxc8
28. f4 Rc6 29. Be3 Rc2 30. fxe5 1-0

[Event "Druzynowe Mistrzostwa Polski - II liga"]
[Site "Dom Wczasowy VIS Jastrzebia Gora"]
[Date "1899-12-30"]
[Round "9.123"]
[White "Derejczyk, Mateusz"]
[Black "Kotula, Pawel"]
[Result "0-1"]
[WhiteTitle "II+"]
[BlackTitle "I"]
[WhiteElo "1597"]
[BlackElo "1740"]

1. e4 c5 2. Nf3 e6 3. d4 cxd4 4. Nxd4 Nf6 5. Nc3 Nc6 6. Nxc6 bxc6 7. e5 Nd5 8.
Ne4 Qc7 9. f4 Rb8 10. c4 Bb4+ 11. Ke2 O-O 12. cxd5 cxd5 13. Ng5 f6 14. Nf3 fxe5
15. fxe5 d6 16. a3 Ba5 17. b4 dxe5 18. bxa5 e4 19. Nd2 Qc3 20. Ke1 Qxa1 21. Qc2
Bd7 22. Ba6 Rfc8 23. Nc4 Rc7 24. Ke2 dxc4 25. Rf1 Qd4 26. Bf4 Rb2 27. Qxb2 Qxb2+
28. Ke1 Rc6 0-1

[Event "Druzynowe Mistrzostwa Polski - II liga"]
[Site "Dom Wczasowy VIS Jastrzebia Gora"]
[Date "1899-12-30"]
[Round "9.124"]
[White "Buchta, Agnieszka"]
[Black "Zalucka, Emilia"]
[Result "1/2-1/2"]
[WhiteTitle "k"]
[BlackTitle "I++"]
[WhiteElo "1893"]
[BlackElo "1541"]

1. e4 e5 2. Nf3 Nc6 3. d4 exd4 4. Bc4 Bc5 5. c3 Nf6 6. e5 d5 7. Bb5 Ne4 8. cxd4
Bb6 9. Nc3 O-O 10. Be3 Bf5 11. Qb3 Nxc3 12. Bxc6 Ne4 13. Bxd5 Ba5+ 14. Kf1 c6
15. Bc4 b5 16. Bd3 Nc5 17. dxc5 Bxd3+ 18. Kg1 1/2-1/2

[Event "Druzynowe Mistrzostwa Polski - II liga"]
[Site "Dom Wczasowy VIS Jastrzebia Gora"]
[Date "1899-12-30"]
[Round "9.125"]
[White "Gierulski, Kamil"]
[Black "Madej, Jaroslaw"]
[Result "1-0"]
[WhiteTitle "k++"]
[BlackTitle "I+"]
[WhiteElo "2247"]
[BlackElo "2029"]

1. d4 d5 2. Nf3 Nf6 3. g3 Bf5 4. Bg2 e6 5. c4 c6 6. Nc3 Be7 7. Qb3 Qb6 8. c5 Qc7
9. Bf4 Qc8 10. Nh4 O-O 11. Nxf5 exf5 12. O-O Nbd7 13. Qc2 g6 14. b4 Ne4 15. Rfc1
Ndf6 16. Na4 Nh5 17. Be3 Re8 18. f3 Bg5 19. Bxg5 Nxg5 20. Qd2 Ne6 21. e3 Qc7 22.
Rab1 Re7 23. b5 Rae8 24. Re1 Nf6 25. Rb3 h5 26. Reb1 Nd8 27. b6 axb6 28. cxb6
Qd6 29. Nc5 h4 30. gxh4 Kg7 31. a4 Ne6 32. Nxe6+ Rxe6 33. Bf1 Qe7 34. a5 Nd7 35.
Re1 f4 36. e4 dxe4 37. Qxf4 exf3 38. Rxe6 Qxe6 39. Rxf3 Re7 40. h5 Qe4 41. hxg6
Qxf4 42. Rxf4 fxg6 43. Bh3 Nb8 44. Bc8 Re1+ 45. Rf1 Re4 46. Bxb7 Rxd4 47. a6 Nxa6
48. Bxa6 Rb4 49. b7 Rb6 50. Rd1 1-0

[Event "Druzynowe Mistrzostwa Polski - II liga"]
[Site "Dom Wczasowy VIS Jastrzebia Gora"]
[Date "1899-12-30"]
[Round "9.126"]
[White "Gawronski, Lukasz"]
[Black "Babiarz, Arkadiusz"]
[Result "0-1"]
[WhiteTitle "I"]
[BlackTitle "I++"]
[WhiteElo "1812"]
[BlackElo "1938"]

1. d4 d5 2. Nf3 e6 3. Bf4 c5 4. e3 Nf6 5. Nbd2 Nc6 6. c3 Bd6 7. Bg3 O-O 8. Bd3
b6 9. e4 Be7 10. e5 Nh5 11. Ng5 Bxg5 12. Qxh5 g6 13. Qg4 f5 14. exf6 Bxd2+ 15.
Kxd2 Qxf6 16. Bh4 Qg7 17. Bb5 Ne7 18. Rae1 e5 19. Qg5 Nf5 20. Bc6 h6 21. Bxd5+
Kh7 22. Qg4 Rb8 23. Rxe5 cxd4 24. cxd4 Bb7 25. Rhe1 Bxd5 26. Rxd5 Rbc8 27. Bg3
Rc4 28. Be5 Qf7 29. Qe4 Rfc8 30. Ke2 Rc2+ 31. Kf1 Ne7 32. f4 Qxd5 0-1

[Event "Druzynowe Mistrzostwa Polski - II liga"]
[Site "Dom Wczasowy VIS Jastrzebia Gora"]
[Date "1899-12-30"]
[Round "9.127"]
[White "Ziemniak, Piotr"]
[Black "Brylski, Pawel"]
[Result "0-1"]
[WhiteTitle "I+"]
[BlackTitle "I+"]
[WhiteElo "1816"]
[BlackElo "1971"]

1. e4 c5 2. Nf3 Nc6 3. d4 cxd4 4. Nxd4 Nf6 5. Nc3 e5 6. Ndb5 d6 7. Bg5 a6 8. Bxf6
gxf6 9. Na3 b5 10. Nd5 Bg7 11. c4 f5 12. cxb5 Nd4 13. f3 fxe4 14. fxe4 Qh4+ 15.
Kd2 Bh6+ 16. Kc3 O-O 17. g3 Qd8 18. b3 axb5 19. Kb2 Be6 20. Nxb5 Bxd5 21. exd5
Qa5 22. a4 Rfc8 23. Nxd4 exd4 24. Bc4 Rxc4 25. bxc4 Qc3+ 26. Ka2 Qb4 27. Qb3 Rxa4+
28. Kb2 Qd2+ 0-1

[Event "Druzynowe Mistrzostwa Polski - II liga"]
[Site "Dom Wczasowy VIS Jastrzebia Gora"]
[Date "1899-12-30"]
[Round "9.128"]
[White "Mika, Tomasz"]
[Black "Wasik, Roman"]
[Result "1-0"]
[WhiteTitle "I"]
[BlackTitle "I"]
[WhiteElo "1991"]
[BlackElo "1387"]

1. e4 c5 2. Nf3 d6 3. d4 cxd4 4. Nxd4 Nf6 5. Nc3 g6 6. f3 Bg7 7. Be3 O-O 8. Qd2
Nc6 9. g4 Nxd4 10. Bxd4 Be6 11. h4 Qa5 12. h5 Rfc8 13. Bh3 Rab8 14. hxg6 hxg6
15. g5 Nh5 16. Bxe6 fxe6 17. Bxg7 Kxg7 18. O-O-O b5 19. Qd4+ e5 20. Qd5 Nf4 21.
Rh7+ Kxh7 22. Qf7+ Kh8 23. Rh1+ Nh5 24. Qxg6 1-0

[Event "Druzynowe Mistrzostwa Polski - II liga"]
[Site "Dom Wczasowy VIS Jastrzebia Gora"]
[Date "1899-12-30"]
[Round "9.129"]
[White "Wozniak, Grzegorz"]
[Black "Jajte-pachota, Jerzy"]
[Result "1/2-1/2"]
[WhiteTitle "I"]
[BlackTitle "II"]
[WhiteElo "1579"]
[BlackElo "1817"]

1. d4 c6 2. Nf3 d5 3. e3 Bg4 4. Nbd2 e6 5. Bd3 Nd7 6. c3 Ngf6 7. h3 Bh5 8. O-O
Bd6 9. e4 dxe4 10. Nxe4 Nxe4 11. Bxe4 Bg6 12. Bc2 Bxc2 13. Qxc2 h6 14. Be3 O-O
15. Rad1 Rc8 16. Qe2 Qc7 17. Rfe1 1/2-1/2

[Event "Druzynowe Mistrzostwa Polski - II liga"]
[Site "Dom Wczasowy VIS Jastrzebia Gora"]
[Date "1899-12-30"]
[Round "9.130"]
[White "Barczyk-telejko, Joanna"]
[Black "Tokarz, Izabela"]
[Result "0-1"]
[WhiteTitle "I+"]
[BlackTitle "I++"]
[WhiteElo "1829"]
[BlackElo "1821"]

1. b3 e5 2. Bb2 Nc6 3. e3 a6 4. d4 exd4 5. exd4 d5 6. Nf3 Bf5 7. c3 Bd6 8. Be2
Qf6 9. Bc1 h6 10. Be3 O-O-O 11. a3 g5 12. h3 Nge7 13. b4 Ng6 14. g3 Rde8 15. Nbd2
Bxg3 16. Nf1 Bf4 17. Qd2 0-1